[Event "Challenge"]
[Site "http://www.queenalice.com/game.php?id=1433408"]
[Date "2016.7.27"]
[Round "-"]
[White "LuanaChess"]
[Black "mvson33"]
[Result "0-1"]
[WhiteElo "1869"]
[BlackElo "1836"]

1. e4 d5 2. e5 Bf5 3. d3 e6 4. Ne2 c5 5. c3 Nc6 6. Ng3 Bg6 7. Bf4 h6 8. Nd2 Bh7
9. Nb3 c4 10. Nd4 Nxd4 11. cxd4 Bb4+ 12. Bd2 Bxd2+ 13. Qxd2 Ne7 14. Nh5 O-O 15.
dxc4 dxc4 16. Bxc4 Rc8 17. Be2 Nc6 18. Rd1 Qd5 19. O-O Rfd8 20. Bf3 Qxd4 21. Qe2
Qxe5 22. Qxe5 Nxe5 23. Bxb7 Rb8 24. f4 Ng6 25. Bf3 Nh4 26. Be2 Bg6 27. Ng3 Rxd1
28. Rxd1 Rxb2 29. a4 Nf5 30. Re1 Nxg3 31. hxg3 Be4 32. a5 Bd5 33. a6 Kf8 34. g4
Rb4 35. Rc1 Ke7 36. Rc7+ Kf6 37. Kh2 Rxf4 38. Kg3 Rd4 39. Rxa7 Rd2 40. Bf1 Rd1
41. Be2 Rd2 42. Bf1 Kg5 43. Rxf7 Kg6 44. Rc7 Rd4 0-1

[Event "Challenge"]
[Site "http://www.queenalice.com/game.php?id=1435214"]
[Date "2016.8.7"]
[Round "-"]
[White "LuanaChess"]
[Black "Ricardoabreu"]
[Result "1-0"]
[WhiteElo "1797"]
[BlackElo "1616"]

1. e4 b6 2. d3 f6 3. Nf3 Bb7 4. c3 e5 5. Nh4 Ne7 6. Nd2 Nbc6 7. Nb3 d5 8. Qh5+
g6 9. Qf3 dxe4 10. Qxf6 Rg8 11. Qe6 exd3 12. Bd2 Bc8 13. Qc4 a5 14. Bxd3 Ba6 15.
Qe6 Bxd3 16. Nf3 Bf5 17. Qc4 Bd3 18. Qh4 h5 19. Rd1 e4 20. Ng5 Nf5 21. Qh3 Qe7
22. Be3 Rd8 23. f4 exf3 24. Qxf3 Nb8 25. Kf2 Bh6 26. Rhe1 Kf8 27. Bc5 bxc5 28.
Rxe7 Kxe7 29. Rxd3 Bxg5 30. Qe4+ Kf6 31. Rf3 Rge8 32. Qc2 c4 33. Nd4 Re5 34. g3
Be3+ 35. Kg2 Bxd4 36. cxd4 Red5 37. Qxc4 Rxd4 38. Qc3 Kg5 39. h4+ Kg4 40. Rf4+
Rxf4 41. gxf4 Nxh4+ 42. Kf2 c6 43. Qg3+ Kf5 44. Qxh4 Rd2+ 45. Ke3 Rxb2 46. Qg5+
Ke6 47. Qe5+ 1-0

[Event "Challenge"]
[Site "http://www.queenalice.com/game.php?id=1435963"]
[Date "2016.8.12"]
[Round "-"]
[White "Nelsonbento"]
[Black "LuanaChess"]
[Result "0-1"]
[WhiteElo "1524"]
[BlackElo "1891"]

1. e4 e5 2. h4 d6 3. Qf3 Nf6 4. d3 h6 5. c3 Bg4 6. Qe3 Be7 7. f3 Be6 8. g4 Nbd7
9. g5 Nh5 10. Rh2 hxg5 11. Bh3 c6 12. Bxe6 fxe6 13. hxg5 Bxg5 14. f4 Bxf4 15.
Qf3 Bxh2 16. Nh3 Ng3 17. Bg5 Qb6 18. Be3 Qxb2 19. Ng5 Nf6 20. Nxe6 Kd7 21. Nxg7
Qxa1 22. Qxf6 Qxb1+ 23. Kf2 Qf1# 0-1

[Event "Challenge"]
[Site "http://www.queenalice.com/game.php?id=1448010"]
[Date "2016.11.4"]
[Round "-"]
[White "vivoferreira"]
[Black "LuanaChess"]
[Result "1-0"]
[WhiteElo "1609"]
[BlackElo "1872"]

1. e4 e5 2. Nf3 f6 3. Nc3 c6 4. d4 d6 5. Be3 Ne7 6. dxe5 Ng6 7. exf6 gxf6 8. Bd3
Nd7 9. O-O Nde5 10. Nxe5 dxe5 11. Re1 Rg8 12. Qe2 Qe7 13. a4 Bd7 14. Bc4 Rg7 15.
Bh6 Nf4 16. Bxf4 exf4 17. h3 Bxh3 18. Kh2 Bd7 19. Rad1 O-O-O 20. f3 Qf7 21. Bxf7
Rxf7 22. Qd2 Bh6 23. Ne2 Rg7 24. Nxf4 Rdg8 25. g4 Bg5 26. Kg3 h5 27. gxh5 f5 28.
e5 Bh6+ 29. Kf2 Rg2+ 30. Nxg2 Bxd2 31. Rxd2 Be6 32. Nf4 Bd7 33. Ng6 Re8 34. Red1
Rd8 35. e6 Kc7 36. Rxd7+ Rxd7 37. exd7 Kb6 38. d8=Q+ Ka6 39. b4 f4 40. Qa5# 1-0

[Event "Challenge"]
[Site "http://www.queenalice.com/game.php?id=1448011"]
[Date "2016.11.4"]
[Round "-"]
[White "LuanaChess"]
[Black "vivoferreira"]
[Result "1-0"]
[WhiteElo "1805"]
[BlackElo "1543"]

1. e4 c5 2. c3 e6 3. Nf3 Nc6 4. e5 d6 5. Be2 d5 6. d4 cxd4 7. O-O dxc3 8. bxc3
Qc7 9. Nbd2 Nxe5 10. Qa4+ Bd7 11. Qd4 Nxf3+ 12. Bxf3 Nf6 13. Nb3 a6 14. Bd2 Bd6
15. g3 Bb5 16. Rfe1 O-O 17. Qh4 Be7 18. Qh3 Rad8 19. a4 Bd7 20. Re2 e5 21. Qg2
e4 22. Qf1 b5 23. a5 b4 24. cxb4 Bb5 25. Bf4 Qc3 26. Qd1 Bxe2 27. Bxe2 Bxb4 28.
Bd2 Qc7 29. Bxb4 Rfe8 30. Bxa6 Qb8 31. Qd4 e3 32. fxe3 Ne4 33. Kg2 Ng5 34. Bc3
f6 35. Nc5 Ne6 36. Nxe6 Rxe6 37. Bd3 Rde8 38. Bd2 Qe5 39. Qa4 d4 40. e4 f5 41.
Bf4 Qc5 42. a6 fxe4 43. Bc4 Kf7 44. a7 e3 45. Bxe6+ Kxe6 46. Qxe8+ Kd5 47. a8=Q+
1-0

[Event "Challenge"]
[Site "http://www.queenalice.com/game.php?id=1456723"]
[Date "2016.12.27"]
[Round "-"]
[White "LuanaChess"]
[Black "chyco"]
[Result "1-0"]
[WhiteElo "1845"]
[BlackElo "1686"]

1. e4 e5 2. d3 Bc5 3. Nd2 Qf6 4. Ngf3 Nc6 5. c3 g5 6. h3 b5 7. Nb3 h6 8. Nxc5 d6
9. Nb3 b4 10. Be2 bxc3 11. bxc3 g4 12. hxg4 a5 13. a4 Bxg4 14. Be3 Rb8 15. d4 h5
16. Bb5 Ne7 17. d5 Qg6 18. dxc6 Ra8 19. Qd3 Bxf3 20. gxf3 Qg2 21. O-O-O Qxf3 22.
Nd2 Qg4 23. Ba6 Qe6 24. Bb7 Rb8 25. Qb5 Qa2 26. Nb1 f5 27. Rd2 Qa1 28. Qxa5 Kd8
29. Qa7 Nxc6 30. Qa6 Na5 31. Bg5+ Kd7 32. Qb5+ Ke6 33. Bd5# 1-0

[Event "Challenge"]
[Site "http://www.queenalice.com/game.php?id=1465117"]
[Date "2017.2.17"]
[Round "-"]
[White "sphagnis"]
[Black "LuanaChess"]
[Result "0-1"]
[WhiteElo "1699"]
[BlackElo "1818"]

1. e4 e5 2. Bc4 d6 3. Qh5 g6 4. Qf3 Nf6 5. h3 Nbd7 6. d3 Nb6 7. Bb5+ c6 8. Bc4
Be7 9. Ne2 Nxc4 10. dxc4 Be6 11. b3 O-O 12. Bh6 Qa5+ 13. Bd2 Qb6 14. Be3 c5 15.
Nbc3 Bd7 16. Nd5 Nxd5 17. cxd5 f5 18. g3 Rf7 19. O-O f4 20. Bd2 Bxh3 21. Rfc1
Raf8 22. c4 Qd8 23. gxf4 Qd7 24. Kh2 Bg4 25. Qg3 Bxe2 26. fxe5 dxe5 27. Bh6
Rxf2+ 28. Kh1 R8f3 29. Kg1 Rxg3+ 30. Kxf2 Qg4 31. Ke1 Rg2 32. Kd2 Qf3 33. Kc2
Qd3+ 34. Kb2 Bf1+ 35. Ka3 Rf2 36. Rd1 Qc3 37. Bd2 Rxd2 38. Rxd2 Qxa1 39. d6 Bf6
40. d7 Qc1+ 41. Rb2 Bd3 42. b4 cxb4+ 43. Kb3 Qc3+ 44. Ka4 Qxb2 45. Kb5 Qxa2 46.
Kxb4 Qxc4+ 47. Ka3 b5 48. d8=Q+ Bxd8 49. Kb2 Ba5 50. Ka3 Bb4+ 51. Kb2 Qc2+ 52.
Ka1 Qb1# 0-1

[Event "Challenge"]
[Site "http://www.queenalice.com/game.php?id=1465118"]
[Date "2017.2.17"]
[Round "-"]
[White "LuanaChess"]
[Black "fario"]
[Result "0-1"]
[WhiteElo "1818"]
[BlackElo "1265"]

1. e4 c5 2. d3 Nc6 3. c3 d5 4. Nd2 Nf6 5. h3 dxe4 6. Nb3 c4 7. dxc4 Qxd1+ 8.
Kxd1 b6 9. Ne2 e5 10. Ng3 Be7 11. Be3 O-O 12. Kc2 Be6 13. Rd1 Rfd8 14. Nd2 Rab8
15. Be2 a6 16. f4 exf3 17. Bxf3 Na5 18. Be2 b5 19. b4 Nxc4 20. Bxc4 bxc4 21. Rb1
Rd3 22. Rhe1 Nd5 23. Nge4 Rxe3 24. Nxc4 Rxe1 25. Rxe1 Nxb4+ 26. cxb4 Bxc4 27. a3
f6 28. Nd2 Bd5 29. g4 Bf7 30. Ne4 a5 31. Kd2 axb4 32. Rb1 Rd8+ 33. Ke2 bxa3 34.
Nc3 Bc4+ 35. Kf2 Rd2+ 36. Ke1 Rc2 37. Na4 Rh2 38. Nb6 Rh1+ 39. Kd2 Rxb1 40. Nxc4
a2 41. Na3 Bxa3 0-1

[Event "Challenge"]
[Site "http://www.queenalice.com/game.php?id=1469242"]
[Date "2017.3.17"]
[Round "-"]
[White "vivoferreira"]
[Black "LuanaChess"]
[Result "0-1"]
[WhiteElo "1274"]
[BlackElo "1813"]

1. e4 e5 2. d4 c6 3. dxe5 Qa5+ 4. Nc3 Qxe5 5. Nf3 Qc7 6. Bc4 h6 7. b3 b5 8. Bd3
Ne7 9. Bb2 Ng6 10. Qd2 d6 11. O-O-O Be7 12. Rhe1 O-O 13. e5 dxe5 14. Ne4 Be6 15.
Ng3 Nd7 16. Bxg6 fxg6 17. Nxe5 Bg5 18. f4 Bxf4 19. Re3 Nxe5 20. Bxe5 Bxe5 21.
Ne2 Bf5 22. g3 Rfe8 23. Qb4 Qb6 24. Nd4 c5 25. Qxb5 cxd4 26. Qxb6 dxe3 27. Qxe3
Bb2+ 28. Kxb2 Rxe3 29. Rd3 Bxd3 30. cxd3 Rxd3 31. g4 Rc8 0-1

[Event "Challenge"]
[Site "http://www.queenalice.com/game.php?id=1472753"]
[Date "2017.4.9"]
[Round "-"]
[White "LuanaChess"]
[Black "vivoferreira"]
[Result "0-1"]
[WhiteElo "1767"]
[BlackElo "1471"]

1. e4 e5 2. c3 d5 3. Qc2 Nf6 4. d3 dxe4 5. dxe4 Nc6 6. Nf3 b6 7. Bd3 Bc5 8. h3
Bb7 9. Nbd2 O-O 10. O-O Qe7 11. Nc4 Rad8 12. b4 Bd6 13. Qe2 b5 14. Na3 a6 15.
Nc2 a5 16. Nh4 axb4 17. Nf5 Qd7 18. Bg5 Be7 19. f4 exf4 20. Bxf4 bxc3 21. Bxb5
Nd5 22. Nxe7+ Ndxe7 23. Qe3 Qe6 24. Bxc6 Bxc6 25. Nd4 Qxe4 26. Nxc6 Qxe3+ 27.
Bxe3 Nxc6 28. Kh2 Rfe8 29. Bf4 Rd7 30. Rf2 Nd4 0-1

[Event "Challenge"]
[Site "http://www.queenalice.com/game.php?id=1473633"]
[Date "2017.4.16"]
[Round "-"]
[White "fario"]
[Black "LuanaChess"]
[Result "1-0"]
[WhiteElo "1359"]
[BlackElo "1857"]

1. d4 e6 2. e4 d6 3. Nc3 c6 4. f4 Ne7 5. Nf3 h6 6. Bd3 Nd7 7. O-O Ng6 8. f5 Nh4
9. Nxh4 Qxh4 10. Rf4 Qf6 11. fxe6 Qxd4+ 12. Rf2 fxe6 13. Qh5+ Kd8 14. Qh3 Nf6
15. Qg3 e5 16. Be3 Qb4 17. Rb1 Qa5 18. Qg6 Bd7 19. Rxf6 Kc7 20. Rxf8 Raxf8 21.
b4 Qa3 22. Rb3 Qxb3 23. cxb3 Rhg8 24. Bxa7 b6 25. Bxb6+ Kxb6 26. Qxd6 Rf7 27.
Nd5+ Kb7 28. Qc7+ Ka8 29. Nb6# 1-0

[Event "Challenge"]
[Site "http://www.queenalice.com/game.php?id=1473998"]
[Date "2017.4.18"]
[Round "-"]
[White "sphagnis"]
[Black "LuanaChess"]
[Result "0-1"]
[WhiteElo "1717"]
[BlackElo "1857"]

1. e4 e5 2. Nf3 f6 3. Bc4 Ne7 4. d3 d6 5. h3 Nd7 6. Be3 c6 7. Nc3 Ng6 8. a3 Nb6
9. Bb3 Be7 10. O-O Bd7 11. Ne2 d5 12. Ng3 Be6 13. Re1 Qd7 14. d4 h5 15. h4 O-O-O
16. Rc1 Bg4 17. c4 dxe4 18. Nxe4 Nxh4 19. Nc5 Bxc5 20. dxc5 Qxd1 21. Rcxd1 Nd7
22. Kh2 Bxf3 23. Rd6 Nxg2 24. Rg1 Nxe3 25. fxe3 g5 26. Bc2 e4 27. b4 h4 28. b5
cxb5 29. cxb5 Nxc5 30. Rd4 g4 31. Rc1 Kb8 32. Bd1 g3+ 33. Kg1 Rc8 34. Bxf3 exf3
35. Rf1 f2+ 36. Kg2 Rcg8 37. Rh1 Nb3 38. Rdd1 Rh7 39. e4 Rgh8 40. Kh3 Nc5 41.
Rd4 g2 42. Kxg2 h3+ 43. Kxf2 Rh4 44. Kf3 f5 45. Rd5 fxe4+ 46. Ke3 b6 47. Rh2 Rg4
48. Rd8+ Rxd8 49. Ke2 Rg3 50. Ke1 Rxa3 51. Kf1 Ne6 52. Ke1 Ra1+ 53. Ke2 Ra2+ 54.
Ke3 Rxh2 55. Kxe4 Nc5+ 56. Kf4 Rg2 57. Kf3 Rdg8 58. Kf4 h2 59. Kf3 h1=Q 60. Kf4
Re8 61. Kf3 Qf1# 0-1

[Event "OS INCLIVES"]
[Site "http://www.queenalice.com/game.php?id=1475197"]
[Date "2017.4.24"]
[Round "-"]
[White "adelio"]
[Black "LuanaChess"]
[Result "0-1"]
[WhiteElo "1438"]
[BlackElo "1772"]

1. d4 e6 2. c4 d6 3. Nc3 c6 4. e4 Nd7 5. Be2 Ne7 6. h4 g6 7. g4 Bg7 8. h5 e5 9.
hxg6 Nxg6 10. Nf3 exd4 11. Ng5 Nc5 12. Nxf7 Kxf7 13. Bh6 dxc3 14. Bxg7 Kxg7 15.
Qd4+ Ne5 16. bxc3 Be6 17. f4 Qf6 18. fxe5 Qxe5 19. O-O-O Rad8 20. Qe3 Qf6 21.
Rdf1 Qg6 22. Qd4+ Kg8 23. Rf6 Qg5+ 24. Kc2 Bf7 25. Rhf1 Bg6 26. Rxd6 Re8 27. Bf3
b6 28. Rxc6 h6 29. Rxg6+ Qxg6 30. Kb2 Rh7 31. e5 Nd3+ 32. Ka3 Nxe5 33. Bd5+ Kh8
34. Be4 Qg8 35. Bxh7 Qxh7 36. Rf5 Qg7 37. Qe4 Qe7+ 38. Kb3 Qc5 39. Kc2 Qa5 40.
Kb3 Qc5 41. g5 b5 42. Qd5 bxc4+ 43. Kc2 Qxd5 44. Rf6 Qd3+ 45. Kb2 Qd2+ 46. Ka3
Qxc3+ 47. Ka4 Qc2+ 48. Ka3 Rb8 49. Rxh6+ Kg7 50. Rh3 Qb2+ 51. Ka4 Qb4# 0-1

[Event "OS INCLIVEIS"]
[Site "http://www.queenalice.com/game.php?id=1475198"]
[Date "2017.4.24"]
[Round "-"]
[White "LuanaChess"]
[Black "adelio"]
[Result "1-0"]
[WhiteElo "1838"]
[BlackElo "1616"]

1. e4 a6 2. d3 c5 3. Ne2 e5 4. Nd2 d6 5. c3 Be7 6. Ng3 g6 7. Nc4 b5 8. Ne3 Nd7
9. Be2 Ndf6 10. Bd2 Nh6 11. c4 Be6 12. Nd5 Nhg4 13. Nxf6+ Nxf6 14. h3 h5 15.
cxb5 axb5 16. Qc2 Bxa2 17. O-O Qc8 18. b3 Ng4 19. Rxa2 Kd7 20. hxg4 Kc7 21. Rfa1
hxg4 22. b4 Qb7 23. Qb3 c4 24. dxc4 f5 25. exf5 gxf5 26. cxb5 Rh7 27. Rc1+ Kd8
28. Nxf5 Kd7 29. Bxg4 Kd8 30. Bf3 Rxa2 31. Bxb7 Rxd2 32. Qg8+ Kd7 33. Qc8# 1-0

[Event "Challenge"]
[Site "http://www.queenalice.com/game.php?id=1477274"]
[Date "2017.5.8"]
[Round "-"]
[White "JoseMessias"]
[Black "LuanaChess"]
[Result "1-0"]
[WhiteElo "1666"]
[BlackElo "1874"]

1. e4 e5 2. Nf3 f6 3. d4 c6 4. dxe5 d6 5. exd6 Bxd6 6. Nh4 Ne7 7. Nf5 Nxf5 8.
exf5 Qa5+ 9. c3 Be7 10. g4 Nd7 11. Qe2 Ne5 12. f4 Nf7 13. b3 Bd7 14. Ba3 Qd8 15.
Nd2 b6 16. Nc4 c5 17. Bg2 Rc8 18. Nd6+ Nxd6 19. O-O-O O-O 20. Rhe1 Re8 21. Rd3
Nb5 22. Bb2 Bd6 23. Re3 Bxf4 24. Qc4+ Kh8 25. Qxf4 g5 26. Qf3 Rf8 27. c4 Nd4 28.
Bxd4 cxd4 29. Rd3 Bc6 30. Qf2 Qd6 31. Rxd4 Qb4 32. Red1 Qa3+ 33. Kb1 Qc5 34.
Bxc6 Qxc6 35. R1d3 b5 36. Qd2 Qh1+ 37. Kb2 Qb7 38. Rd7 1-0

[Event "Challenge"]
[Site "http://www.queenalice.com/game.php?id=1478378"]
[Date "2017.5.16"]
[Round "-"]
[White "NeeneNY"]
[Black "LuanaChess"]
[Result "1-0"]
[WhiteElo "1513"]
[BlackElo "1848"]

1. e4 e5 2. Nf3 d6 3. Bc4 h6 4. O-O Ne7 5. Nc3 c6 6. d4 Ng6 7. dxe5 dxe5 8.
Qxd8+ Kxd8 9. Bxf7 Ne7 10. Nxe5 b5 11. Ng6 Nxg6 12. Bxg6 Bd7 13. Bf4 Na6 14.
Rad1 Kc8 15. Rd4 Bc5 16. Rd2 Rd8 17. Rfd1 Nb8 18. e5 Rf8 19. Bg3 a6 20. Ne4 Be7
21. b3 Be6 22. Nd6+ Kc7 23. c4 Nd7 24. cxb5 axb5 25. Rc2 Rad8 26. Nxb5+ Kb7 27.
Nd4 Bd5 28. Rb1 Nb6 29. e6 Rc8 30. Bd3 Rfd8 31. a4 Bxg2 32. Nf5 Bf6 33. Kxg2 Ra8
34. Be4 Ka6 35. Rxc6 Ra7 36. e7 Bxe7 37. Nxe7 1-0

[Event "Challenge"]
[Site "http://www.queenalice.com/game.php?id=1478721"]
[Date "2017.5.18"]
[Round "-"]
[White "bobjgirl"]
[Black "LuanaChess"]
[Result "1-0"]
[WhiteElo "2356"]
[BlackElo "1848"]

1. Nf3 f6 2. d4 e6 3. e4 c6 4. d5 e5 5. Nxe5 Nh6 6. Qh5+ g6 7. Nxg6 hxg6 8.
Qxg6+ Nf7 9. dxc6 Nxc6 10. Bf4 d6 11. Bc4 Qd7 12. Qxf6 Qe7 13. Qg6 Nd4 14. O-O
Nxc2 15. Bxd6 Qd7 16. Bxf8 Rxf8 17. Nc3 Nxa1 18. Bb5 Nc2 19. Bxd7+ Bxd7 20. e5
Nd4 21. Rd1 Ne6 22. Nd5 O-O-O 23. Nf6 Nxe5 24. Qc2+ Nc7 25. Nxd7 Nxd7 26. Rc1
Kb8 27. Qxc7+ Ka8 28. a4 Nf6 29. a5 Rd7 30. Qc5 Rdd8 31. a6 Nd7 32. axb7+ Kxb7
33. Qd5+ Kb8 34. Qd6+ Ka8 35. Rc7 Nb8 36. Rxa7+ Kxa7 37. Qc7+ Ka6 38. g3 Rc8 39.
Qd6+ Nc6 40. h4 Rfd8 41. Qa3+ Kb7 42. h5 Kc7 43. Kg2 Rf8 44. b4 1-0

[Event "Challenge"]
[Site "http://www.queenalice.com/game.php?id=1478722"]
[Date "2017.5.18"]
[Round "-"]
[White "LuanaChess"]
[Black "bobjgirl"]
[Result "0-1"]
[WhiteElo "1848"]
[BlackElo "2358"]

1. e4 Nf6 2. f3 e5 3. c3 Nxe4 4. fxe4 Qh4+ 5. g3 Qxe4+ 6. Qe2 Qxh1 7. Qg2 Qxg2
8. Bxg2 Bc5 9. Ne2 O-O 10. d3 Nc6 11. Nd2 Be3 12. Nf3 Bxc1 13. Nxc1 d5 14. h3
Bf5 15. Nh4 Be6 16. Nb3 b6 17. O-O-O Ne7 18. g4 a5 19. Nf3 f6 20. d4 e4 21. Ne1
a4 22. Nd2 c5 23. Nc2 Ng6 24. Na3 Nf4 25. Bf1 cxd4 26. c4 e3 27. Nf3 e2 28. Bxe2
Nxe2+ 29. Kb1 dxc4 30. Nb5 d3 31. Nc7 Rae8 32. Nxe8 Rxe8 33. g5 Bxh3 34. Nd2 b5
35. gxf6 gxf6 36. Nf3 Bg4 37. Rf1 Bxf3 38. a3 Nd4 39. Kc1 Re2 40. Kb1 d2 41. Ka2
Re1 42. Rxe1 dxe1=Q 43. b4 Qd2+ 44. Ka1 Nb3+ 45. Kb1 Be4# 0-1

[Event "Challenge"]
[Site "http://www.queenalice.com/game.php?id=1497911"]
[Date "2017.10.7"]
[Round "-"]
[White "DinoSouza"]
[Black "LuanaChess"]
[Result "1-0"]
[WhiteElo "1904"]
[BlackElo "1813"]

1. e4 e5 2. Nf3 f6 3. Nxe5 g6 4. Nf3 d6 5. d4 c6 6. Be2 Nd7 7. O-O Ne7 8. Nc3
Nb6 9. Re1 Bg7 10. Bf4 Qc7 11. a4 a5 12. Bf1 g5 13. Bg3 Bd7 14. e5 Qd8 15. exd6
Nc8 16. dxe7 Nxe7 17. Bd6 Bf8 18. Bxe7 Bxe7 19. d5 Kf7 20. Bc4 Kg7 21. Qd4 Kf8
22. d6 Bxd6 23. Qxd6+ Kg7 24. Re7+ Kg6 25. Bd3+ Bf5 26. Ne5+ Kh5 27. Be2+ g4 28.
Qxf6 Qc8 29. h3 Bg6 30. Bxg4+ Kh6 31. Qh4+ Bh5 32. Qxh5# 1-0

[Event "Challenge"]
[Site "http://www.queenalice.com/game.php?id=1497912"]
[Date "2017.10.7"]
[Round "-"]
[White "LuanaChess"]
[Black "DinoSouza"]
[Result "1-0"]
[WhiteElo "1775"]
[BlackElo "1935"]

1. e4 c5 2. d3 Nc6 3. c3 e6 4. Ne2 Nf6 5. f3 g6 6. Na3 d5 7. Qc2 Bg7 8. Ng3 O-O
9. Be2 Bd7 10. Be3 b6 11. O-O Rc8 12. Rf2 d4 13. Bd2 Re8 14. Raf1 a6 15. f4 e5
16. f5 Ne7 17. Bg5 Bc6 18. fxg6 fxg6 19. Qb3+ Kh8 20. Nc4 Neg8 21. Nd2 Bd7 22.
h3 Be6 23. Qd1 Rf8 24. Nc4 Bxc4 25. dxc4 Qd6 26. Rf3 Ra8 27. Bd3 b5 28. Qe2 Ne7
29. a3 Nc6 30. cxb5 axb5 31. Bxb5 dxc3 32. bxc3 Rxa3 33. Rd3 Qc7 34. Bxf6 Bxf6
35. Qg4 Qb6 36. Bc4 Na5 37. Qe6 Qxe6 38. Bxe6 Be7 39. Rfd1 Nc6 40. Nf1 Ra6 41.
Ne3 Nd8 42. Bc4 Ra7 43. Ng4 Bf6 44. Nxf6 Nc6 45. Ng4 Ne7 46. Nxe5 Raa8 47. Rd7
Ng8 48. Kh2 Nf6 49. Rc7 Nxe4 50. Bd5 Nxc3 51. Rd2 Rad8 52. Nd7 Rf4 53. Bf3 c4
54. Rb2 Na4 55. Rbb7 c3 56. Ne5 1-0

[Event "Challenge"]
[Site "http://www.queenalice.com/game.php?id=1497913"]
[Date "2017.10.7"]
[Round "-"]
[White "LuanaChess"]
[Black "DinoSouza"]
[Result "0-1"]
[WhiteElo "1799"]
[BlackElo "1922"]

1. e4 Nf6 2. f3 c5 3. c3 Nc6 4. Ne2 d5 5. Ng3 e6 6. Be2 Be7 7. d3 O-O 8. Nd2 Qc7
9. Nb3 Bd6 10. Be3 Bxg3+ 11. hxg3 Qxg3+ 12. Kd2 dxe4 13. Qg1 exd3 14. Bf2 Qd6
15. Bxd3 c4 16. Nd4 cxd3 17. Kxd3 e5 18. Qh2 Rd8 19. Kc2 exd4 20. Rad1 Qxh2 21.
Rxh2 dxc3 22. Rhh1 Rxd1 23. Rxd1 Bf5+ 24. Kxc3 a6 25. b3 Rd8 26. Re1 Rd3+ 27.
Kc4 Rd2 28. Kc3 Rxf2 29. Kc4 b6 30. Kc3 Kf8 31. g4 Rxf3+ 32. Kb2 Bxg4 33. Rc1
Nb4 34. Ka1 Rf2 35. Kb1 Rxa2 36. Rf1 Ne4 37. Kc1 Nc3 38. Rf4 Rc2# 0-1

[Event "Challenge"]
[Site "http://www.queenalice.com/game.php?id=1498616"]
[Date "2017.10.12"]
[Round "-"]
[White "tucuman"]
[Black "LuanaChess"]
[Result "1-0"]
[WhiteElo "1789"]
[BlackElo "1788"]

1. e4 e5 2. Bc4 Nf6 3. d3 h6 4. Nf3 d6 5. h3 Nbd7 6. Nc3 c6 7. a3 b5 8. Ba2 Nb6
9. O-O Bd7 10. b4 Be7 11. Be3 Qc8 12. Ne2 Nh5 13. Bb3 Bf6 14. Ng3 Nf4 15. Bxf4
exf4 16. Ne2 Bxa1 17. Qxa1 O-O 18. Nxf4 Qe8 19. Nh5 Qe5 20. Nxe5 Be6 21. Nxc6 f6
22. Bxe6+ Kh8 23. Qd1 g6 24. Nf4 Kg7 25. Qg4 g5 26. Nh5+ Kh8 27. Qf5 Rae8 28.
Qg6 Rg8 29. Qxh6# 1-0

[Event "Challenge"]
[Site "http://www.queenalice.com/game.php?id=1498921"]
[Date "2017.10.15"]
[Round "-"]
[White "vivoferreira"]
[Black "LuanaChess"]
[Result "1-0"]
[WhiteElo "1441"]
[BlackElo "1797"]

1. e4 e5 2. Nf3 d6 3. Nc3 c6 4. d4 h6 5. dxe5 Be6 6. exd6 Bxd6 7. e5 Bc7 8. Be3
Ne7 9. Bd3 Nd7 10. O-O Ng6 11. Bxg6 fxg6 12. Qd2 Qe7 13. Rad1 O-O-O 14. Ng5 hxg5
15. Bxg5 1-0